<?xml version="1.0" encoding="UTF-8"?>
<collection xmlns="http://www.loc.gov/MARC21/slim">
 <record>
  <leader>01417nam a22002177a 4500</leader>
  <controlfield tag="001">NCT_81620</controlfield>
  <controlfield tag="008">200613b        xxu||||| |||| 00| 0 vie d</controlfield>
  <datafield tag="999" ind1=" " ind2=" ">
   <subfield code="c">4009</subfield>
   <subfield code="d">4009</subfield>
  </datafield>
  <datafield tag="020" ind1=" " ind2=" ">
   <subfield code="a">9786049718298</subfield>
   <subfield code="c">80000</subfield>
  </datafield>
  <datafield tag="082" ind1="0" ind2="4">
   <subfield code="2">23rd ed.</subfield>
   <subfield code="a">347.59705</subfield>
   <subfield code="b">M312</subfield>
  </datafield>
  <datafield tag="100" ind1="1" ind2=" ">
   <subfield code="a">Đinh Văn Minh</subfield>
  </datafield>
  <datafield tag="245" ind1="1" ind2="0">
   <subfield code="a">Pháp luật về tố cáo :</subfield>
   <subfield code="b">Thẩm quyền, trình tự giải quyết</subfield>
   <subfield code="c">Đinh Văn Minh</subfield>
  </datafield>
  <datafield tag="260" ind1=" " ind2=" ">
   <subfield code="a">H.</subfield>
   <subfield code="b">Lao động</subfield>
   <subfield code="c">2018</subfield>
  </datafield>
  <datafield tag="300" ind1=" " ind2=" ">
   <subfield code="a">269 tr.</subfield>
   <subfield code="c">19cm</subfield>
  </datafield>
  <datafield tag="520" ind1="3" ind2=" ">
   <subfield code="a">Nội dung sách trình bày: một số vấn đề chung về tố cáo và pháp luật về tố cáo; tố cáo và việc giải quyết tố cáo theo quy định của pháp luật hiện hành; quy định về bảo vệ, khen thưởng người tố cáo; luật tố cáo;...</subfield>
  </datafield>
  <datafield tag="653" ind1=" " ind2=" ">
   <subfield code="a">Luật học</subfield>
  </datafield>
  <datafield tag="942" ind1=" " ind2=" ">
   <subfield code="2">ddc</subfield>
   <subfield code="c">BK</subfield>
  </datafield>
  <datafield tag="952" ind1=" " ind2=" ">
   <subfield code="0">0</subfield>
   <subfield code="1">0</subfield>
   <subfield code="2">ddc</subfield>
   <subfield code="4">0</subfield>
   <subfield code="6">347_597050000000000_M312</subfield>
   <subfield code="7">0</subfield>
   <subfield code="9">19824</subfield>
   <subfield code="a">000001</subfield>
   <subfield code="b">000001</subfield>
   <subfield code="d">2020-06-13</subfield>
   <subfield code="o">347.59705 M312</subfield>
   <subfield code="p">MD.17308</subfield>
   <subfield code="r">2020-06-13</subfield>
   <subfield code="v">80000.00</subfield>
   <subfield code="w">2020-06-13</subfield>
   <subfield code="y">BK</subfield>
  </datafield>
  <datafield tag="952" ind1=" " ind2=" ">
   <subfield code="0">0</subfield>
   <subfield code="1">0</subfield>
   <subfield code="2">ddc</subfield>
   <subfield code="4">0</subfield>
   <subfield code="6">347_597050000000000_M312</subfield>
   <subfield code="7">0</subfield>
   <subfield code="9">19825</subfield>
   <subfield code="a">000001</subfield>
   <subfield code="b">000001</subfield>
   <subfield code="d">2020-06-13</subfield>
   <subfield code="l">1</subfield>
   <subfield code="o">347.59705 M312</subfield>
   <subfield code="p">MD.17309</subfield>
   <subfield code="r">2021-05-04</subfield>
   <subfield code="s">2021-04-20</subfield>
   <subfield code="v">80000.00</subfield>
   <subfield code="w">2020-06-13</subfield>
   <subfield code="y">BK</subfield>
  </datafield>
  <datafield tag="952" ind1=" " ind2=" ">
   <subfield code="0">0</subfield>
   <subfield code="1">0</subfield>
   <subfield code="2">ddc</subfield>
   <subfield code="4">0</subfield>
   <subfield code="6">347_597050000000000_M312</subfield>
   <subfield code="7">0</subfield>
   <subfield code="9">19826</subfield>
   <subfield code="a">000001</subfield>
   <subfield code="b">000001</subfield>
   <subfield code="d">2020-06-13</subfield>
   <subfield code="o">347.59705 M312</subfield>
   <subfield code="p">MD.17310</subfield>
   <subfield code="r">2020-06-13</subfield>
   <subfield code="v">80000.00</subfield>
   <subfield code="w">2020-06-13</subfield>
   <subfield code="y">BK</subfield>
  </datafield>
  <datafield tag="980" ind1=" " ind2=" ">
   <subfield code="a">Thư viện Trường Đại học Nam Cần Thơ</subfield>
  </datafield>
 </record>
</collection>
